Има ли смисъл да утепваме мечка (Запис номер 490315)
[ съкратено ]
| 000 -Лидер | |
|---|---|
| Контролно поле с фиксирана дължина | 01157nam a2200289 a 4500 |
| 003 - Код на организацията, давaща контролен номер | |
| Контролно поле | BLK |
| 005 - Дата и час на последна редакция | |
| Контролно поле | 20230913094356.0 |
| 008 - Елементи от данни с фиксирана дължина | |
| fixed length control field | 230327b bul|||||r ||||||| ||bul|| |
| 040 ## - Източник на каталожния запис | |
| Идентификатор на билиотеката - собственик на записа | BLK |
| 041 ## - Код за език | |
| Код за езика на текст/звукозапис или на отделно заглавие | Български |
| Код за езика КДБФ | Български |
| 080 ## - УДК | |
| Текстов определител УДК | Драматични театри. Театри за драма и комедия. Вж и 82-2 |
| УДК код - определител по УДК | 792.2 |
| УДК определител | (062) |
| УДК - код + определител | 792.2(062) |
| 110 ## - Редна дума - колетивен орган | |
| 9 (RLIN) | 487220 |
| Редна дума - наименование на организация или юридическо лице | Народно ч-ще "Максим Горки" - Русе |
| 139 ## - Редно поле | |
| Авторски знак | Наро - Н 25 |
| 245 10 - Сведения за заглавието | |
| Заглавие | Има ли смисъл да утепваме мечка |
| Редно поле (дума) | Панчо Панчев |
| Физически носител (вид на носителя) | [Малотир. изд.] |
| 260 ## - Област на издателските данни | |
| Място на издаване, разпространение и проч. | Русе |
| Име на издателя, разпространителя и проч. | б. и. |
| Година на издаване | 1973 |
| 9 (RLIN) | 219538 |
| 300 ## - Физическа характеристика | |
| Страници | 5 с. |
| Размери/Мащаб | 20 см |
| 380 ## - Жанр | |
| Жанр | Изкуство |
| 500 ## - Общи забележки | |
| Забележка | Постановка: Веселин Ралев; Художник: Димитър Гилев; Муз. оформление: Цвятко Ячев. - Сезон 1973/74 |
| 653 #7 - Ключова дума – ненормативна | |
| 9 (RLIN) | 197100 |
| Ключова дума | спектакли |
| 653 #7 - Ключова дума – ненормативна | |
| 9 (RLIN) | 198059 |
| Ключова дума | театрални постановки |
| 653 #7 - Ключова дума – ненормативна | |
| 9 (RLIN) | 200688 |
| Ключова дума | читалища |
| 852 ## - Местоположение | |
| Фондова буква | Краезнание |
| Систематично-азбучна сигнатура | К 792/Н 25 |
| 856 4# - Електронен адрес и достъп | |
| Електронен формат | pdf - файл |
| Инструкция (цена за достъп) | 0.00 |
| Права за достъп | disable |
| 999 ## - СИСТЕМНИ КОНТРОЛНИ НОМЕРА | |
| Koha biblionumber | 490315 |
| Koha biblioitemnumber | 490315 |
| 942 ## - АРТИКУЛИ | |
| Вид на библиотечния материал | Книги |
| Скрит в OPAC | Не |
| Периодичен библиозапис | Да |
| Koha issues (borrowed), all copies | 1 |
| 944 ## - СЪЗДАВАНЕ И РЕДАКЦИЯ на ЗАПИСА | |
| Създаване/Редакция | Създаване |
| Дата на регистрацията/редакция | 2023-03-27 |
| Служител, извършил регистрацията/редакцията | 30558 |
| Статус, дата на статуса | Валя Йорданова |
| 999 ## - СИСТЕМНИ КОНТРОЛНИ НОМЕРА | |
| Koha biblioitemnumber | 490315 |
| Код за отписване | Код за изгубен артикул | Източник на класификационната схема | Код за повреда | Коз за рестрикции | Код за отдаване | Артикулен № | Име на библиотеката - собственик | Име на библиотеката, в която се намира в момента | Статус (Текущо местоположение) | Дата на вписване в системата | Местоположение - отдел | Цена в лева | Инвентарен номер | Систематично азбучна сигнатура | Баркод | Цена в евро | Служебен тип на артикула |
|---|---|---|---|---|---|---|---|---|---|---|---|---|---|---|---|---|---|
| Не е изгубен | Universal Decimal Classification | Не е повреден | само за читалня | ползва се в читалня | 931561 | Регионална библиотека "Любен Каравелов" Русе | Регионална библиотека "Любен Каравелов" Русе | Краезнание | 2023-08-02 | Краезнание | 2.00 | 120000890735 | К 792/Н 25 | 120000890735 | 1.02 | Книги |